• 首页
  • 本馆介绍
  • 公告通知
  • 最新文献
  • 馆藏检索
  • 电子资源
  • 读者导购
  • 参考咨询
  • 我的图书馆
  • 登录
  • 详细信息显示
  • 放入我的书架
  • 预约/预借图书
  • 作者相关作品
  • 分类相关作品
  • 丛书相关作品
  • 出版社相关作品

书目信息

  • 表格格式
  • 工作单格式
  • 卡片格式
题名:
中国艺术教育报告
    
 
作者: 周星 , 郭必恒 主编
分册:  
出版信息: 北京   北京师范大学出版社  2015.11
页数: 249页
开本: 26cm
丛书名:
单 册:
中图分类: J124-4
科图分类:
主题词: 艺术教育--研究报告--中国--2012-2014
电子资源:
ISBN: 978-7-303-19497-1
000 01037nam0 2200265 450
001 0120151737869
005 20160513100624.73
010    @a978-7-303-19497-1@dCNY68.00
100    @a20151218d2015 em y0chiy50 ea
101 0  @achi
102    @aCN@b110000
105    @ay z 000yy
106    @ar
200 1  @a中国艺术教育报告@9zhong guo yi shu jiao yu bao gao@dReport on Chinese art education@e2012-2014@f周星,郭必恒主编@zeng
210    @a北京@c北京师范大学出版社@d2015.11
215    @a249页@d26cm
330    @a本书适应当代艺术教育发展的迫切需要,分为总论、高校、中学、小学、学前等多个部分,全面概览2012年至2014年中国艺术教育的发展进程。主要内容包括:中国艺术教育报告(2012)、中国艺术教育报告(2013)等。
333    @a中国艺术教育研究相关人员
510 1  @aReport on Chinese art education@e2012-2014@zeng
606 0  @a艺术教育@x研究报告@y中国@z2012-2014
690    @aJ124-4@v5
701  0 @a周星@9zhou xing@4主编
701  0 @a郭必恒@9guo bi heng@4主编
801  0 @aCN@b人天书店@c20151218
905    @b876904-09@dJ124-4@e115@f6
    
    中国艺术教育报告=Report on Chinese art education:2012-2014/周星,郭必恒主编.-北京:北京师范大学出版社,2015.11
    249页;26cm
    使用对象:中国艺术教育研究相关人员
    
    ISBN 978-7-303-19497-1:CNY68.00
    本书适应当代艺术教育发展的迫切需要,分为总论、高校、中学、小学、学前等多个部分,全面概览2012年至2014年中国艺术教育的发展进程。主要内容包括:中国艺术教育报告(2012)、中国艺术教育报告(2013)等。
●
相关链接 在E读中查询图书 在五车中查询图书 在当当中查询图书 在豆瓣中查询图书


正题名:中国艺术教育报告     索取号:J124-4/115         预约/预借

序号 登录号 条形码 馆藏地/架位号 状态 备注
1 876904   208769046   第一样本阅览室/ [索取号:J124-4/115] 在馆    
2 876905   208769055   教育系资料室/ [索取号:J124-4/115] 在馆    
3 876906   208769064   教育系资料室/ [索取号:J124-4/115] 在馆    
4 876907   208769073   教育系资料室/ [索取号:J124-4/115] 在馆    
5 876908   208769082   第一借阅区/ [索取号:J124-4/115] 在馆    
6 876909   208769091   第一借阅区/ [索取号:J124-4/115] 在馆    
唐山师范学院图书馆 欢迎您!
大连网信软件有限公司© 版权所有